000 00810nam a22002657a 4500
003 CHAP
005 20220329133636.0
008 971013s r 00010 d
010 _a8923
011 _a9895
035 _a9131
040 _cCHAP
090 _aR-3450
100 0 0 _aSexton, C. M.
_9105424
245 _aIdentity and distribution of basidiomycotina colonizing douglas fir poles during three years of air-seasoning
500 _aSobretiro de: Mycol. Res. 96 (5): 321-330 :1992
590 _aBATCH-UPD
_b10
_c20130110
_lUCH01
_h1624
590 _aCONVERSION
_b10
_c20130109
_lUCH01
_h1306
650 1 4 _aFungicidas.
_944044
650 1 4 _aMadera
_xHongos.
_969608
650 1 4 _aPseudotsuga menziesii.
_992591
901 _aBK
942 _cREIMP
949 _aR-3450
_bBC
_cR
_d-19679
_eTS1
_i9131
_mD
_si
999 _c8923
_d8923